000 00604nam a2200229Ia 4500
003 OSt
005 20220928124110.0
006 a|||||r|||| 00| 0
007 ta
008 220927b |||||||| |||| 00| 0 eng d
024 _a25777
037 _cTextual
040 _aSDCL
_cSDCL
_beng
041 _2eng
_aeng
082 _aV1(X):24'N9, N6
100 _aSmith B C
_9412980
245 0 _aUnderstanding third world politics.
260 _aLondon
_bMacmillan Press
_c1996
300 _axv,398p.
_ccm.
942 _hV1(X):24'N9, N6
_cTEXL
_2CC
999 _c776274
_d776274